000 00747nam a2200217Ia 4500
001 3224
003 GE_BSU
008 181216s||||||||xx |||||||||||||| ||und||
020 _a585173048Х
040 _cGE_BSU
080 _a338.45(075.8)
100 _aВ.Я. Горфинкель, Е.М. Купряков, В.П.Прасолова и др; Под ред. Проф. В.Я. Горфинкеля, проф. Е.М. Купряковма.
245 _aЭкономика предприятия: Учебник для вузов
260 _aМосква
260 _bБанки и Биржи ЮНИТИ
260 _c1996
300 _a367 ст.
541 _h6 Л.
653 _aЭкономика предприятия
942 _cBK
999 _c37265
_d37265